| 000 | 00000nam 2200000zi 4500 |
| 001 | 9.944267 |
| 003 | CaOODSP |
| 005 | 20241227082811 |
| 006 | m o d f |
| 007 | cr cn||||||||| |
| 008 | 241021t20242024oncab ob f000 0 eng d |
| 020 | |a9780660740812 |
| 040 | |aCaOODSP|beng|erda|cCaOODSP |
| 043 | |an-cn-on |
| 086 | 1 |aEn3-4/323-2024E-PDF |
| 245 | 00|aAmended recovery strategy for the small-mouthed salamander (Ambystoma texanum) and the unisexual Ambystoma, small-mouthed salamander dependent population (Ambystoma laterale - texanum) in Canada. |
| 264 | 1|aOttawa : |bGovernment of Canada = Gouvernement du Canada, |c2024. |
| 264 | 4|c©2024 |
| 300 | |a1 online resource (1 volume (various pagings)) : |bcolour illustrations, colour maps. |
| 336 | |atext|btxt|2rdacontent |
| 337 | |acomputer|bc|2rdamedia |
| 338 | |aonline resource|bcr|2rdacarrier |
| 490 | 1 |aSpecies at Risk Act recovery strategy series |
| 500 | |aIssued also in French under title: Programme de rétablissement de la salamandre à nez court (Ambystoma texanum) au Canada. |
| 500 | |a"Adopted under Section 44 of SARA." |
| 504 | |aIncludes bibliographical references. |
| 505 | 0 |aPt. 1. Federal addition to the recovery strategy for the small-mouthed salamander (Ambystoma texanum) and unisexual Ambystoma small-mouthed salamander dependent population (Ambystoma laterale – texanum) in Ontario -- pt. 2. Recovery strategy for the small-mouthed salamander (Ambystoma texanum) and unisexual Ambystoma small-mouthed salamander dependent population (Ambystoma laterale – texanum) in Ontario -- pt. 3. Blue racer, Lake Erie watersnake and small-mouthed salamander and unisexual Ambystoma (small-mouthed Salamander dependent population) : Ontario Government response statement. |
| 650 | 0|aAmbystoma|xConservation|zOntario. |
| 650 | 0|aRacer snake|xConservation|zOntario. |
| 650 | 0|aNorthern water snake|xConservation|zOntario. |
| 650 | 0|aWildlife recovery|zOntario. |
| 710 | 1 |aCanada. |bEnvironment and Climate Change Canada, |eissuing body. |
| 775 | 08|tProgramme de rétablissement modifié de la salamandre à petite bouche (Ambystoma texanum) et de l'Ambystoma unisexué, population dépendante de la salamandre à petite bouche (Ambystoma laterale - texanum) au Canada.|w(CaOODSP)9.944270 |
| 795 | |tRecovery strategy for the small-mouthed salamander (Ambystoma texanum) in Canada.|w(CaOODSP)9.885591 |
| 830 | #0|aSpecies at Risk Act recovery strategy series.|w(CaOODSP)9.505071 |
| 856 | 40|qPDF|s9.59 MB|uhttps://publications.gc.ca/collections/collection_2024/eccc/En3-4-323-2024-eng.pdf |
| 856 | 4 |qHTML|sN/A|uhttps://www.canada.ca/en/environment-climate-change/services/species-risk-public-registry/recovery-strategies/small-mouthed-salamander-unisexual-abystoma.html |